|
|
|
|
| LEADER |
00000naa a2200000uu 4500 |
| 001 |
vtls010956034 |
| 003 |
SK-MaSNL |
| 005 |
20260302130007.0 |
| 008 |
210905|2007 xo |||||||||||||||||eng| |
| 015 |
|
|
|a SNBRA
|
| 035 |
|
|
|a (urnnbn)urn:nbn:sk:snk:ar-a0bno5
|
| 035 |
|
|
|a (uuid)4c899ff4-2af4-4d53-ad67-79aa1a3b6da0
|
| 035 |
|
|
|a urn:nbn:sk:snk-aaufly
|
| 040 |
|
|
|a SNKBUCL
|b slo
|c SNKBUCL
|e AACR2
|
| 041 |
0 |
|
|a eng
|
| 044 |
|
|
|a xo
|c SK
|
| 100 |
1 |
|
|a Vitázek, Ivan,
|d 1960-
|4 aut
|9 217710
|
| 245 |
1 |
0 |
|a CALCULATION OF SOLAR ENERGY RADIATION FLOWS
|c Ivan Vitázek, Juraj Havelka, Marek Piršel
|
| 700 |
1 |
|
|a Havelka, Juraj
|4 aut
|9 279375
|
| 700 |
1 |
|
|a Piršel, Marek
|4 aut
|9 788440
|
| 773 |
0 |
|
|t Physics
|d In Nitra : Slovak University of Agriculture, 2007
|g S. 61-62
|z 9788080698997
|
| 958 |
|
|
|a OND
|
| 958 |
|
|
|a article11
|
| 958 |
|
|
|a chapter
|
| 999 |
|
|
|c 1296831
|d 1298761
|